|
|
|
|
| LEADER |
00000nab a2200000 a 4500 |
| 001 |
vtls000238836 |
| 003 |
SK-MaSNL |
| 005 |
20260304033508.0 |
| 008 |
220422c1985 xo 0 slo |
| 015 |
|
|
|a SNBRB19rr/mm-uuuuu
|
| 035 |
|
|
|a CL0248950
|
| 040 |
|
|
|a SNKBUCL
|b slo
|c SNKBUCL
|e AACR2
|
| 041 |
0 |
|
|a slo
|
| 044 |
|
|
|a xo
|c SK
|
| 080 |
|
|
|a 615
|2 1981
|
| 080 |
|
|
|a 582.572.2
|2 1981
|
| 080 |
|
|
|a 543.54
|2 1981
|
| 245 |
0 |
0 |
|a Obsahové látky Lilium candidum L ; E. Eisenreichová, I. Mašterová, A. Bučková, M. Haladová, J. Tomko
|
| 300 |
|
|
|b Res. rus., angl., nem., lit. 26 zázn. v češ., bulh., angl.
|
| 650 |
0 |
7 |
|a ľalia biela
|2 snkbucl
|9 975789
|
| 650 |
0 |
7 |
|a Lilium candidum
|2 snkbucl
|9 1315350
|
| 655 |
|
7 |
|a články z novín a časopisov
|2 snkbucl
|9 267496
|
| 700 |
1 |
|
|a Eisenreichová, Eva,
|d 1940-
|4 aut
|9 48428
|
| 700 |
1 |
|
|a Mašterová, Irena
|4 aut
|9 12837
|
| 700 |
1 |
|
|a Bučková, A.
|4 aut
|9 1129617
|
| 700 |
1 |
|
|a Haladová, Mária,
|d 1950-
|4 aut
|9 254778
|
| 700 |
1 |
|
|a Tomko, Jozef,
|d 1921-2014
|4 aut
|9 218347
|
| 773 |
0 |
|
|t Československá farmacie
|g Roč. 34, č. 10 (1985), s. 408-409
|
| 850 |
|
|
|a Slovenská národná knižnica v Martine
|a MTA001
|
| 852 |
|
|
|a SNK
|b KIS3GCP
|
| 958 |
|
|
|a NB
|
| 958 |
|
|
|a RK
|
| 958 |
|
|
|a ME
|
| 992 |
|
|
|a RBX
|
| 999 |
|
|
|c 2648411
|d 2650341
|